logo

Bir Sreshtho Munshi Abdur Rouf Library
Jhenaidah Cadet College

দশটি কিশোর উপন্যাস / (Record no. 11109)

MARC details
000 -LEADER
fixed length control field 00705nam a2200229 a 4500
001 - CONTROL NUMBER
JCCL Control Number 11109
003 - CONTROL NUMBER IDENTIFIER
JCCL marc code BD-JhCC
005 - DATE AND TIME OF LATEST TRANSACTION
control field 20190730102550.0
008 - FIXED-LENGTH DATA ELEMENTS--GENERAL INFORMATION
fixed length control field 190630b 2004bg |||| ||a| 000 0 ben d
020 ## - INTERNATIONAL STANDARD BOOK NUMBER
International Standard Book Number 9844123828
035 ## - SYSTEM CONTROL NUMBER
system control number (BD-JhCC)11109
040 ## - CATALOGING SOURCE
Original cataloging agency BD-JhCC
Modifying agency BD-JhCC
041 ## - LANGUAGE CODE
Language code of Book ben
082 ## - DEWEY DECIMAL CLASSIFICATION NUMBER
Classification number 891.443
Author mark and Year AHM 2004
100 ## - MAIN ENTRY--PERSONAL NAME
Personal name আহমদ, এখ্লাসউদ্দিন
245 ## - TITLE STATEMENT
Title দশটি কিশোর উপন্যাস /
Statement of responsibility, etc এখ্লাসউদ্দিন আহমদ ।
260 ## - PUBLICATION, DISTRIBUTION, ETC. (IMPRINT)
Place of publication, distribution, etc ঢাকা:
Name of publisher, distributor, etc অনন্যা;
Date of publication, distribution, etc ২০০৪.
300 ## - PHYSICAL DESCRIPTION
Pagination ৪৪৭ পৃঃ . :
Dimensions 24 সেমি.
650 ## - SUBJECT ADDED ENTRY--TOPICAL TERM
Topical term or geographic name as entry element Nobel
942 ## - ADDED ENTRY ELEMENTS (KOHA)
Source of classification or shelving scheme Dewey Decimal Classification
Koha item type Books
Holdings
Source of classification or shelving scheme Damaged status Not for loan Home library Current library Shelving location Cost, normal purchase price Total Checkouts Full call number Barcode Date last seen Copy number Koha item type
Dewey Decimal Classification     JCC Rouf Library JCC Rouf Library General Stacks 350.00   891.443 AHM 2004 14930 07/30/2019 C-1 Books

JCC Library | Contacts | JCC Home

Last Update on 23 September 2017
Copyright @ 2017-2020 JCC Rouf Library
Rouf Library, Jhenidah Cadet College (JCC), Bangladesh